000 00434cam a2200169ua 4500
003 OSt
008 250415b |||||||| |||| 00| 0 eng d
041 _aeng
082 _a624.15136
_bBHA/TE
100 _aBharat singh, .
_95867
245 _aText book of soil mechanics /
250 _a1 /
260 _aRoorkhee :
_bNew chand and brothers ,
_c1966.
300 _a401 ; .
700 1 _aShamshee, Prakash .
_97411
942 _cBK
999 _c5572
_d5572